Candidats de L'émission " Les Ch'tis " ! - Statistiques

Statistiques générales
  • Ce quiz a été pris 337 fois
  • Le résultat moyen est 47 sur 73
Statistiques - réponses
Saison Candidats % Correct
Ibiza Gaëlle
94%
Ski Gaëlle
94%
Mykonos Gaëlle
94%
Las Vegas Gaëlle
94%
Hollywood Gaëlle
94%
Jet Set Gaëlle
94%
Ibiza Vincent
93%
Ski Vincent
93%
Mykonos Vincent
93%
Las Vegas Vincent
93%
Hollywood Vincent
93%
Jet Set Vincent
93%
Ibiza Jordan
91%
Ski Jordan
91%
Mykonos Jordan
91%
Las Vegas Jordan
91%
Hollywood Jordan
91%
Jet Set Jordan
91%
Jet Set Jordan
91%
Ski Tressia
88%
Mykonos Tressia
88%
Las Vegas Tressia
88%
Hollywood Tressia
88%
Jet Set Tressia
88%
Ibiza Christopher
87%
Ski Christopher
87%
Mykonos Christopher
87%
Hollywood Christopher
87%
Ibiza Kelly
84%
Ski Kelly
84%
Mykonos Kelly
84%
Hollywood Adixia
83%
Jet Set Adixia
83%
Ski Hilary
78%
Mykonos Hilary
78%
Las Vegas Hilary
78%
Hollywood Hilary
78%
Jet Set Hilary
78%
Mykonos Charles
69%
Las Vegas Charles
69%
Hollywood Charles
69%
Hollywood Julie
64%
Hollywood Julien
51%
Jet Set Julien
51%
Ibiza Céline
50%
Ski Céline
50%
Mykonos Céline
50%
Jet Set Kim
46%
Mykonos Mike
43%
Las Vegas Mike
43%
Jet Set Paga
43%
Jet Set Jérémy
41%
Jet Set Bilal
39%
Mykonos Serena
39%
Mykonos Cindy
37%
Jet Set Geoffrey
36%
Jet Set Vanessa
35%
Hollywood Antonin
34%
Ibiza Alexandre
33%
Las Vegas Alexandre
33%
Hollywood Coralie
28%
Jet Set Marion
28%
Jet Set Sophie
28%
Ski Guillaume
27%
Las Vegas Harmonie
27%
Las Vegas Laura
24%
Ibiza Anastasia
23%
Hollywood Sofiane
21%
Las Vegas Arthur
19%
Ibiza Daïna
19%
Ibiza Jeoffrey
19%
Ski Jeoffrey
19%
Las Vegas Rayan
13%
Aucun quiz correspondant
Distribution des résultats
% des personnes avec chaque résultat
Percentile par nombre de réponses
Votre historique - résultats
Vous n’avez pas pris ce quiz